| 000 -LEADER |
| fixed length control field |
00818pam a2200241 a 4500 |
| 003 - CONTROL NUMBER IDENTIFIER |
| control field |
OSt |
| 005 - DATE AND TIME OF LATEST TRANSACTION |
| control field |
20231117161140.0 |
| 008 - FIXED-LENGTH DATA ELEMENTS--GENERAL INFORMATION |
| fixed length control field |
810513r19811965flua b 001 0 eng |
| 020 ## - INTERNATIONAL STANDARD BOOK NUMBER |
| International Standard Book Number |
9780898743005 |
| 040 ## - CATALOGING SOURCE |
| Original cataloging agency |
BMSCA |
| 041 ## - LANGUAGE CODE |
| Language code of text/sound track or separate title |
eng |
| 082 00 - DEWEY DECIMAL CLASSIFICATION NUMBER |
| Classification number |
711.4 |
| Edition number |
19 |
| Item number |
SPR |
| 100 1# - MAIN ENTRY--PERSONAL NAME |
| Personal name |
Spreiregen, Paul D. |
| 245 10 - TITLE STATEMENT |
| Title |
Urban design, the architecture of towns and cities / |
| Statement of responsibility, etc |
written and illustrated by Paul D. Spreiregen for the American Institute of Architects. |
| 260 ## - PUBLICATION, DISTRIBUTION, ETC. (IMPRINT) |
| Place of publication, distribution, etc |
Malabar, Fla. : |
| Name of publisher, distributor, etc |
R.E. Krieger Pub. Co., |
| Date of publication, distribution, etc |
1981, c1965. |
| 300 ## - PHYSICAL DESCRIPTION |
| Extent |
xi, 243 p. : |
| Other physical details |
ill. ; |
| Dimensions |
29 cm. |
| 500 ## - GENERAL NOTE |
| General note |
Reprint. Originally published: New York : McGraw-Hill, 1965. |
| 500 ## - GENERAL NOTE |
| General note |
Includes index. |
| 504 ## - BIBLIOGRAPHY, ETC. NOTE |
| Bibliography, etc |
Bibliography: p. 231-238. |
| 650 #0 - SUBJECT ADDED ENTRY--TOPICAL TERM |
| Topical term or geographic name as entry element |
City planning. |
| 710 2# - ADDED ENTRY--CORPORATE NAME |
| Corporate name or jurisdiction name as entry element |
American Institute of Architects. |
| 942 ## - ADDED ENTRY ELEMENTS (KOHA) |
| Source of classification or shelving scheme |
|